|
|
|
|
| LEADER |
01317nam a2200289 a 4500 |
| 001 |
00017900 |
| 003 |
BD-DhAAL |
| 008 |
090617s2005 enkae f b 001 0 eng d |
| 010 |
|
|
|a 2006295710
|
| 020 |
|
|
|a 9780750666285
|
| 020 |
|
|
|a 0750666285 (pbk.)
|
| 040 |
|
|
|a UKM
|c UKM
|d BAKER
|d BWKUK
|d DLC
|d BD-DhAAL
|
| 082 |
0 |
4 |
|a 711.4
|2 22
|
| 100 |
1 |
|
|a Lang, Jon T.
|9 22690
|
| 245 |
1 |
0 |
|a Urban design :
|b a typology of procedures and products /
|c Jon Lang.
|
| 260 |
|
|
|a Oxford ;
|a Burlington, MA :
|b Elsevier/Architectural Press,
|c c2005.
|
| 300 |
|
|
|a xxvii, 421 p. :
|b ill., plans ;
|c 25 cm
|
| 500 |
|
|
|a "Illustrated with over 50 case studies."
|
| 504 |
|
|
|a Includes bibliographical references (pages 397-409) and index.
|
| 526 |
|
|
|a ARC
|x Requisitioned by Sayem Khan
Faculty members of the Department of Architecture
|
| 541 |
1 |
|
|e 00017900
|a D. S. Books International
|
| 650 |
|
0 |
|a City planning.
|
| 650 |
|
0 |
|a City planning
|v Case studies.
|9 57928
|
| 852 |
4 |
|
|a Ayesha Abed Library
|c General Stacks
|
| 942 |
|
|
|2 ddc
|c BK
|
| 999 |
|
|
|c 1490
|d 1490
|
| 952 |
|
|
|0 0
|1 0
|2 ddc
|4 0
|6 711_400000000000000_LAN_2007
|7 0
|9 1369
|a BRACUL
|b BRACUL
|c GEN
|d 2009-06-28
|e D. S. Books International
|l 17
|m 91
|o 711.4 LAN
|p 3010017900
|r 2025-08-03
|s 2025-07-01
|t 1
|w 2009-06-28
|y BK
|x Requisitioned by Sayem Khan (Faculty members of the Department of Architecture) ; USD 45.95
|